| 000 | 00642aab a2200193 4500 | ||
|---|---|---|---|
| 001 | 768714001 | ||
| 003 | CO-MdFUSB | ||
| 005 | 20240612143436.0 | ||
| 008 | 170522s1999 cr ||||| |||| 00| 0 spa d | ||
| 022 | _a1409-1968 | ||
| 040 |
_aCO-MdFUSB _bspa _cCO-MdFUSB _dCO-MdFUSB |
||
| 041 | _aspa | ||
| 100 | 1 |
_aKessler, Juan B. A. (1925-) _eautor |
|
| 245 | 1 | 0 |
_aÉtica pastoral en materia de finanzas _c/ Juan B. A. Kessler |
| 300 |
_aVolumen 16. Número 2 (1999), páginas 62-64 _c: 27 cm. |
||
| 773 | 0 |
_tApuntes Pastorales _049442 _960166 _gVolumen 16. Numero 2 (ene. - mar., 1999), páginas 62-64 _qPágina 62 |
|
| 942 | _cANA | ||
| 945 | _aJTF-925 | ||
| 999 |
_c59593 _d59593 |
||